Literal Chinese Translations Quiz Stats

Quiz Updated Nov 5, 2015

Challenge
Share
Tweet
Embed
Score 0/18 Timer 06:00
1 Play Today
Literal Translation Meaning % Correct
'Holy-birth Holiday'Christmas
85.3%
'electric brain'computer
82.3%
'flying machine field'airport
73.3%
'directly-ascending flying machine'helicopter
72.4%
'dragon-shrimp'lobster
55.6%
'electric speech'telephone
53.8%
'bear-cat'panda
51.9%
'soil-bean'potato
41.3%
'cat-headed eagle'owl
37.1%
Literal Translation Meaning % Correct
'fire chicken'turkey
36.9%
'Western red persimmon'tomato
33.9%
'say sing music'rap
33.5%
'little heart'careful
29.1%
'fearsome dragon'dinosaur
24.8%
'ice-ball'ice hockey
24.4%
'dragon tongue orchid alcohol'tequila
14%
'Cat King'Elvis
12.2%
'furry bean'edamame
11.4%

You're not logged in!

Compare scores with friends on all Sporcle quizzes.
Join for Free
OR
Log In

You Might Also Like...

Show Comments

Extras

Top Quizzes Today


Score Distribution

Your Account Isn't Verified!

In order to create a playlist on Sporcle, you need to verify the email address you used during registration. Go to your Sporcle Settings to finish the process.

Report this User

Report this user for behavior that violates our Community Guidelines.

Details: